000 00761nam a2200217 a 4500
001 000009740
005 20250409122709.0
008 091001s1982 dr r 001 p spa d
040 _aDO-SdBNP
_bspa
_cBNPHU
082 _aRD861.44
_bC117v
100 1 _aCabral de Valdepares, Edelmira
_924644
245 1 0 _aVersos del camino /
_cEdelmira Cabral de Valdepares ; prólogo Virgilio Hoepelman.
260 _aSan Pedro de Macorís, República Dominicana :
_bUCE,
_c1982.
300 _a124 p. ;
_c21 cm.
590 _aInventariado, 2018/BT
650 0 _aPoesía dominicana
_966
650 0 _aLiteratura dominicana.
_967
700 1 _aHoepelman, Virgilio,
_epról.
_911257
710 1 _aUniversidad Central del Este
_937229
910 _aValidado. Control de calidad. EMS
999 _c9500
_d9500